000
00250nam a22001097a 4500
003
OSt
008
250117b |||||||| |||| 00| 0 eng d
041
_a
eng
100
_a
Bharat Singh, Gupta
_9
6962
245
_a
Text Book of Soil Engneering
942
_c
BK
999
_c
19053
_d
19053